000 00259nam a2200097Ia 4500
001 1207155
005 20251017101311.0
008 250824s9999 xx 000 0 und d
245 0 _aEŞKIYA İNİNDE
_cHÜSEYİN RAHMİ GÜRPINAR
260 _bEVEREST YAYINLARI
999 _c1207155
_d1207155